[Event "Vojvodina-chT"]
[Site "Kac"]
[Date "2014.11.13"]
[Round "8.4"]
[White "Adamov, Ivan"]
[Black "Indjic, Stefan"]
[Result "1-0"]
[WhiteElo "1947"]
[BlackElo "2080"]
[PlyCount "111"]
[EventDate "2014.11.08"]
[EventType "team-tourn"]
[EventRounds "11"]
[EventCountry "SRB"]
[SourceTitle "EXT 2017"]
[Source "ChessBase"]
[SourceDate "2016.10.25"]
[SourceVersion "1"]
[SourceVersionDate "2016.10.25"]
[SourceQuality "1"]

1. e4 c5 2. Nf3 Nc6 3. d4 cxd4 4. Nxd4 Nf6 5. Nc3 d6 6. Be2 e5 7. Nf3 h6 8. 0-0 Be7 9. Re1 0-0 10. h3 a6 11. Bf1 b5 12. Nd5 Bb7 13. Nxf6+ Bxf6 14. c3 Re8 15. a4 b4 16. cxb4 Nxb4 17. Qb3 a5 18. Bd2 d5 19. Bxb4 axb4 20. Qxb4 dxe4 21. Qxb7 exf3 22. Qxf3 Qd4 23. Bb5 e4 24. Qd1 Re7 25. Qxd4 Bxd4 26. Ra2 Re5 27. Bc4 Rd8 28. b3 Bc3 29. Rc1 Bb4 30. Raa1 e3 31. fxe3 Rxe3 32. a5 Rd2 33. a6 Bc5 34. Kh1 Rg3 35. Bf1 Bd4 36. a7 Bxa7 37. Rxa7 Rxb3 38. Bc4 Rg3 39. Rxf7 Kh7 40. Bf1 h5 41. Rf3 Rxf3 42. gxf3 Kh6 43. h4 Kg6 44. Rc5 Kh6 45. Re5 Kg6 46. Bg2 Rd4 47. Re4 Rd2 48. Kh2 Kf6 49. Kg3 g5 50. hxg5+ Kxg5 51. Re5+ Kg6 52. Bf1 Rd4 53. Bb5 h4+ 54. Kh3 Rf4 55. Bc6 Kh6 56. Be4 1-0

[Event "SRB-chT2 Vojvodina League"]
[Site "Kac"]
[Date "2012.10.18"]
[Round "7"]
[White "Vajdic, Nikola"]
[Black "Indjic, Stefan"]
[Result "1-0"]
[WhiteElo "2290"]
[BlackElo "2066"]
[PlyCount "83"]
[EventDate "2012.10.14"]
[EventType "team-swiss"]
[EventRounds "11"]
[EventCountry "SRB"]
[SourceTitle "EXT 2015"]
[Source "ChessBase"]
[SourceDate "2014.11.20"]
[SourceVersion "1"]
[SourceVersionDate "2014.11.20"]
[SourceQuality "1"]

1. Nf3 Nf6 2. d4 c5 3. c4 g6 4. d5 d6 5. Nc3 Bg7 6. e4 0-0 7. Be2 e6 8. 0-0 exd5 9. cxd5 Re8 10. Qc2 Na6 11. Nd2 Nc7 12. Re1 Rb8 13. a4 b6 14. Nc4 a6 15. Bf4 Bf8 16. Bf3 b5 17. Nxd6 Bxd6 18. e5 Nfxd5 19. Nxd5 Nxd5 20. Bxd5 Bf5 21. Qc3 Bf8 22. Rad1 Qb6 23. a5 Qa7 24. e6 fxe6 25. Bxb8 Qxb8 26. Bc6 Rd8 27. h3 Qc7 28. Rxd8 Qxd8 29. g4 Qg5 30. Bg2 Bg7 31. Qf3 Bc2 32. Qa8+ Bf8 33. Qxa6 Bb3 34. Re3 Bc4 35. b3 Bd5 36. Qxb5 h5 37. Qe2 Qf4 38. Bxd5 exd5 39. gxh5 Bd6 40. Qg4 g5 41. Qxf4 gxf4 42. Re6 1-0

[Event "SRB-chT quality"]
[Site "Belgrade"]
[Date "2010.10.27"]
[Round "7"]
[White "Stajcic, Vladimir"]
[Black "Indjic, Stefan"]
[Result "1/2-1/2"]
[WhiteElo "2059"]
[BlackElo "2055"]
[PlyCount "27"]
[EventDate "2010.10.09"]
[EventType "team-tourn"]
[EventRounds "11"]
[EventCountry "YUG"]
[SourceTitle "EXT 2011"]
[Source "ChessBase"]
[SourceDate "2010.11.26"]
[SourceVersion "1"]
[SourceVersionDate "2010.11.26"]
[SourceQuality "1"]

1. d4 Nf6 2. c4 c5 3. d5 b5 4. Nd2 Qa5 5. Qc2 d6 6. e4 a6 7. b3 Nbd7 8. Ngf3 g6 9. Bb2 bxc4 10. Bxc4 Bg7 11. 0-0 0-0 12. h3 Qc7 13. Rfe1 Nb6 14. Rad1 1/2-1/2

[Event "SRB-chT quality"]
[Site "Belgrade"]
[Date "2010.10.24"]
[Round "6"]
[White "Indjic, Stefan"]
[Black "Tisma, Vladimir"]
[Result "1-0"]
[WhiteElo "2055"]
[BlackElo "1996"]
[PlyCount "97"]
[EventDate "2010.10.09"]
[EventType "team-tourn"]
[EventRounds "11"]
[EventCountry "YUG"]
[SourceTitle "EXT 2011"]
[Source "ChessBase"]
[SourceDate "2010.11.26"]
[SourceVersion "1"]
[SourceVersionDate "2010.11.26"]
[SourceQuality "1"]

1. e4 c5 2. Nf3 e6 3. d3 Nc6 4. g3 g6 5. Bg2 Bg7 6. 0-0 Nge7 7. Nbd2 0-0 8. Re1 d6 9. c3 Rb8 10. Nf1 b5 11. d4 cxd4 12. cxd4 Qb6 13. d5 Nd4 14. Be3 Nxf3+ 15. Bxf3 Qc7 16. Rc1 Qd7 17. Qd2 exd5 18. exd5 Nf5 19. Bg4 Qb7 20. Bxf5 Bxf5 21. Rc6 Rbc8 22. Rec1 Be4 23. Bd4 Bxd4 24. Qxd4 Rxc6 25. Rxc6 Qe7 26. Ne3 Qe5 27. Qxe5 dxe5 28. Rc5 Bf3 29. Kf1 f5 30. d6 Rd8 31. Rxe5 Rxd6 32. Rxb5 Rd2 33. Rb4 g5 34. h4 h6 35. Rb3 f4 36. gxf4 gxf4 37. Ng2 Rd1+ 38. Ne1 Bd5 39. Rc3 a6 40. Ke2 Rb1 41. Nd3 Bxa2 42. Rc1 Rxc1 43. Nxc1 Bd5 44. Nd3 Bc4 45. Kd2 Kg7 46. Nxf4 Kf6 47. Ke3 Kf5 48. f3 Ke5 49. Nh5 1-0

[Event "Belgrade op"]
[Site "Belgrade"]
[Date "2008.01.16"]
[Round "8"]
[White "Indjic, Stefan"]
[Black "Sarenac, Ivan"]
[Result "1/2-1/2"]
[WhiteElo "2055"]
[BlackElo "2308"]
[PlyCount "68"]
[EventDate "2008.01.10"]
[EventType "swiss"]
[EventRounds "9"]
[EventCountry "YUG"]
[SourceTitle "EXT 2010"]
[Source "ChessBase"]
[SourceDate "2010.11.25"]
[SourceVersion "1"]
[SourceVersionDate "2010.11.25"]
[SourceQuality "1"]

1. d4 Nf6 2. Bg5 d5 3. e3 g6 4. Bd3 Bg7 5. Nd2 c5 6. c3 0-0 7. Ngf3 Nfd7 8. 0-0 Nc6 9. Re1 Qb6 10. Qb3 Qxb3 11. axb3 e5 12. dxe5 Ndxe5 13. Nxe5 Nxe5 14. Bc2 Re8 15. e4 d4 16. h3 h6 17. Bh4 Nc6 18. Nb1 dxc3 19. Nxc3 Nb4 20. Bb1 Be6 21. Ra3 Bd4 22. Re2 a6 23. Na2 Rac8 24. Kf1 Rc6 25. f4 Rb6 26. Nc3 Nc6 27. Bc2 Nb4 28. Bb1 c4 29. f5 Bd7 30. bxc4 Rc6 31. Bf2 Bxf2 32. Kxf2 Rxc4 33. fxg6 fxg6 34. Rd2 Be6 1/2-1/2

[Event "EU-chT U18 7th"]
[Site "Subotica"]
[Date "2007.07.11"]
[Round "4"]
[White "Sarenac, David"]
[Black "Indjic, Stefan"]
[Result "0-1"]
[WhiteElo "2258"]
[BlackElo "2035"]
[PlyCount "102"]
[EventDate "2007.07.08"]
[EventType "team-swiss"]
[EventRounds "7"]
[EventCountry "YUG"]
[SourceTitle "EXT 2020"]
[Source "ChessBase"]
[SourceDate "2019.10.17"]
[SourceVersion "1"]
[SourceVersionDate "2019.10.17"]
[SourceQuality "1"]
[WhiteTeam "Serbia U18 II"]
[BlackTeam "Serbia U18 III"]
[WhiteTeamCountry "SRB"]
[BlackTeamCountry "SRB"]

1. e4 c5 2. Nf3 Nc6 3. d4 cxd4 4. Nxd4 Nf6 5. Nc3 d6 6. Bg5 Bd7 7. Qd2 Rc8 8. 0-0-0 Nxd4 9. Qxd4 Qa5 10. f4 Rxc3 11. bxc3 e5 12. Qb4 Qxb4 13. cxb4 Nxe4 14. Bh4 g5 15. Be1 gxf4 16. Rd5 Rg8 17. Ra5 a6 18. c4 Be7 19. b5 Nc5 20. bxa6 Nxa6 21. Bf2 Bc6 22. Rg1 f5 23. g3 Bg5 24. gxf4 Bxf4+ 25. Kd1 Rg6 26. Bd3 Bxh2 27. Re1 Rg2 28. Be3 f4 29. Bb6 f3 30. Bxh7 Bf4 31. Rf1 Rb2 32. Bg6+ Ke7 33. Bf2 e4 34. Bh4+ Kd7 35. Rf2 Rb1+ 36. Kc2 Rc1+ 37. Kb2 Rxc4 38. Rf5 Be5+ 39. Kb1 Bd5 40. Bg5 Nc5 41. Rc2 Rb4+ 42. Kc1 Nd3+ 43. Kd2 Nb2 44. Rf8 Nc4+ 45. Kc1 Bd4 46. Bf5+ Kc6 47. a3 Ra4 48. Rc8+ Kb5 49. Bd8 Bc6 50. Be6 f2 51. Bh3 Rxa3 0-1

[Event "Novi Sad op U16"]
[Site "Novi Sad"]
[Date "2006.07.08"]
[Round "8"]
[White "Nadvesnik, Maja"]
[Black "Indjic, Stefan"]
[Result "0-1"]
[WhiteElo "1799"]
[BlackElo "1972"]
[PlyCount "84"]
[EventDate "2006.07.01"]
[EventType "swiss"]
[EventRounds "9"]
[EventCountry "YUG"]
[SourceTitle "EXT 2011"]
[Source "ChessBase"]
[SourceDate "2010.11.26"]
[SourceVersion "1"]
[SourceVersionDate "2010.11.26"]
[SourceQuality "1"]

1. e4 c5 2. Nf3 Nc6 3. d4 cxd4 4. Nxd4 Nf6 5. Nc3 d6 6. Bc4 Qb6 7. Nxc6 bxc6 8. Bb3 e6 9. 0-0 Be7 10. Re1 Qc7 11. Bf4 e5 12. Be3 Be6 13. Qd3 0-0 14. Red1 Rfd8 15. Bg5 h6 16. Bxf6 Bxf6 17. Rd2 Bg5 18. Re2 Rd7 19. Rd1 Rad8 20. Qa6 Qb6 21. Qxb6 axb6 22. g3 Bg4 23. Kf1 h5 24. h4 Bh6 25. Ree1 Bxd1 26. Rxd1 Kf8 27. Ke2 Ke7 28. Kf3 g6 29. g4 hxg4+ 30. Kxg4 Rf8 31. f3 f5+ 32. exf5 gxf5+ 33. Kh3 d5 34. Rg1 Kf6 35. Ne2 Rg7 36. Ng3 Ke6 37. Re1 Kd6 38. c3 Bf4 39. Nh5 Rh7 40. Nxf4 exf4 41. Bc2 Rh5 42. Bd3 Rg8 0-1

[Event "SCG Festival U16 14th"]
[Site "Vrnjacka Banja"]
[Date "2006.??.??"]
[Round "8"]
[White "Indjic, Stefan"]
[Black "Krstic, Petar"]
[Result "0-1"]
[WhiteElo "1972"]
[BlackElo "2203"]
[PlyCount "140"]
[EventDate "2006.04.24"]
[EventType "swiss"]
[EventRounds "9"]
[EventCountry "YUG"]
[SourceTitle "EXT 2007"]
[Source "ChessBase"]
[SourceDate "2006.11.23"]
[SourceVersion "1"]
[SourceVersionDate "2006.11.23"]
[SourceQuality "1"]

1. d4 e6 2. c4 b6 3. Nc3 Bb7 4. Nf3 Bb4 5. e3 f5 6. a3 Bxc3+ 7. bxc3 Nf6 8. Bd3 0-0 9. 0-0 Nc6 10. Qc2 Na5 11. Nd2 Qe7 12. Nb3 Nxb3 13. Qxb3 Be4 14. Be2 c5 15. f3 Bc6 16. Bd3 d6 17. Qc2 Nd7 18. a4 a5 19. Bd2 Qf6 20. d5 exd5 21. cxd5 Bxd5 22. c4 Bc6 23. Bc3 Qe6 24. Rfe1 Ne5 25. Bb2 Qg6 26. Kf2 Qh5 27. Bxe5 dxe5 28. Kg1 Rf6 29. Rf1 Raf8 30. Rab1 Ba8 31. Be2 Rh6 32. h3 Rg6 33. Kh1 Qg5 34. Bd3 Re6 35. e4 f4 36. Rfd1 Rd8 37. Rd2 Red6 38. Rbd1 Kf8 39. Kg1 R8d7 40. Be2 Qd8 41. Rxd6 Rxd6 42. Rxd6 Qxd6 43. Qd3 Qc7 44. Kf2 Bc6 45. Bd1 Ke7 46. Bc2 g5 47. Bb3 h5 48. Bd1 Qc8 49. Kg1 Qe8 50. Qc3 Kd6 51. Qd3+ Kc7 52. Qc2 Qd7 53. Kf1 Qd4 54. Qe2 Qa1 55. Qc2 Bd7 56. Kg1 Be6 57. Kh2 Qd4 58. Be2 Qd7 59. Kg1 Qg7 60. Kf1 g4 61. hxg4 hxg4 62. Ke1 gxf3 63. gxf3 Qg1+ 64. Kd2 Qe3+ 65. Ke1 Bh3 66. Qb2 Qd4 67. Qxd4 cxd4 68. Kd2 Kd6 69. Kd3 Kc5 70. Bd1 Bf1+ 0-1